Top 10 Manchester City Starting XI - Statistics

General Stats
  • This quiz has been taken 5,542 times
    3,062 since last reset
  • The average score is 34 of 43
Answer Stats
Team Player % Correct
2017-18, 2018-19, 2019-20, 2020-21, 2021-22, 2022-23, 2023-24 Ederson
99%
2022-23, 2023-24 Erling Haaland
98%
2017-18, 2019-20, 2020-21, 2021-22, 2022-23 Kevin De Bruyne
98%
2011-12, 2013-14, 2014-15, 2017-18, 2018-19 Sergio Agüero
97%
2018-19, 2019-20, 2020-21, 2021-22, 2022-23, 2023-24 Bernardo Silva
96%
2011-12, 2013-14, 2014-15, 2017-18, 2018-19, 2019-20 David Silva
96%
2017-18, 2018-19, 2019-20, 2020-21, 2021-22, 2022-23, 2023-24 Kyle Walker
96%
2021-22, 2023-24 Phil Foden
95%
2020-21, 2021-22, 2022-23, 2023-24 Rúben Dias
95%
2018-19, 2020-21 John Stones
94%
2019-20, 2020-21, 2021-22, 2022-23, 2023-24 Rodri
94%
2011-12, 2013-14, 2017-18 Vincent Kompany
94%
2018-19, 2020-21, 2022-23 İlkay Gündoğan
92%
2022-23, 2023-24 Manuel Akanji
92%
2017-18, 2018-19, 2019-20, 2020-21, 2021-22 Raheem Sterling
91%
2011-12, 2013-14, 2014-15 Joe Hart
90%
2023-24 Joško Gvardiol
89%
2023-24 Mateo Kovačić
89%
2011-12, 2013-14, 2014-15 Yaya Touré
89%
2023-24 Julián Álvarez
88%
2013-14 Edin Džeko
86%
2013-14, 2014-15, 2017-18, 2018-19, 2019-20 Fernandinho
86%
2020-21, 2021-22 João Cancelo
86%
2017-18, 2018-19 Leroy Sané
86%
2022-23 Nathan Aké
85%
2017-18, 2019-20 Nicolás Otamendi
85%
2019-20, 2020-21 Gabriel Jesus
84%
2021-22, 2022-23 Jack Grealish
83%
2018-19, 2021-22 Aymeric Laporte
82%
2013-14, 2014-15 Pablo Zabaleta
69%
2019-20 Benjamin Mendy
68%
2013-14 Aleksandar Kolarov
65%
2011-12, 2013-14 Samir Nasri
63%
2011-12, 2014-15 Gaël Clichy
59%
2013-14, 2014-15 Martín Demichelis
52%
2017-18 Fabian Delph
51%
2014-15 Fernando
51%
2011-12 James Milner
47%
2011-12 Micah Richards
46%
2011-12 Gareth Barry
43%
2011-12 Joleon Lescott
43%
2014-15 Eliaquim Mangala
42%
2014-15 Jesús Navas
41%
No matching quizzes found
Score Distribution
Percent of People with Each Score
Percentile by Number Answered
Your Score History
You have not taken this quiz since the last reset